000 01072nam a22002417a 4500
005 20240530110507.0
008 151012s2010 ua f 000 0 ara d
017 _a2011/2933
_bمصر . دار الكتب المصرية
020 _a9789773143864
040 _aEG-CaGPL
082 0 4 _221
_a953.0962
_bق/م ف
100 0 _aمحمد بن ابى السرور الصديقى البكرى .
245 1 0 _aفيضالمنان فى دولة ال عثمان /
_cتاليف محمد بن ابى السرور الصديقى البكرى ؛ تحقيق عبدالرازق عبدالرازق عيسى .
250 _aط1.
260 _aالقاهرة :
_bمكتبة زهراء الشرق ،
_c2010 .
300 _a501 ص ؛
_c24 سم .
650 0 4 _aالامبراطورية العثمانية .
650 0 4 _aالامبراطورية العثمانية
_zمصر .
651 0 4 _aمصر
_xتاريخ
_yالعصر العثمانى .
700 0 _aعبدالرازق عبدالرازق عيسى
_eمحقق .
942 _2ddc
_cBK
999 _c61590
_d61590